00571nam a22001817a 450000500170000001000140001702000250003103500130005603700130006908200130008210000210009524500620011626000500017827000720022830000260030065000360032665000270036220100806123653.0 aENG-98589 a9789380439112c90.00 aEN-82122 bDBAD/PUB a621.3815 aThirumoorthy, P. aElectronic devices and applications /cby P. Thirumoorthy aErode (Tamilnadu)bKongunadu Literaturec2009 a93, Chinnamuthu Main Street, E. K. ValsubErode (Tamilnadu)e638011 avi, 110p.c21cm (pbk) aElectronic appartus application aSolid state electronic